Πολύπτυχον : συλλογική έκδοση

Αποθηκεύτηκε σε:
Λεπτομέρειες βιβλιογραφικής εγγραφής
Άλλοι συγγραφείς: Ρόζος, Ευάγγελος Γ., 1930- (Επιμελητής έκδοσης)
Μορφή: Βιβλίο
Γλώσσα:Greek
Δημοσίευση: Αθήνα : [χ.ό.], 1976.
Θέματα:
Ετικέτες: Προσθήκη ετικέτας
Δεν υπάρχουν, Καταχωρήστε ετικέτα πρώτοι!

MARC

LEADER 00000cam a2200000 a 4500
001 1/119758
008 190801s1976####gr | ||| |||| ||gre||
040 |a GR-MyUa  |b gre  |c GR-MyUa  |e AACR2 
041 0 |a gre 
082 7 |a 889.08   |2 (23) 
245 0 0 |a Πολύπτυχον :   |b συλλογική έκδοση /   |c εκδοτική ευθύνη: Ευάγγελος Ρόζος.  
260 |a Αθήνα :   |b [χ.ό.],   |c 1976.  
300 |a 590 σ. ;   |c 24 εκ.  
500 |a Μια ομάδα νεοελλήνων συγγραφέων και ποιητών παρουσιάζουν πρόσφατες εργασίες τους στα πλαίσια μιας συλλογικής εμφάνισης.  
650 0 |a Greek literature, Modern  |x Essays. 
650 0 |a Greek literature, Modern. 
700 1 |a Ρόζος, Ευάγγελος Γ.,   |d 1930-  |e edt 
852 |a INST  |b RHODES  |c AKA  |e 20190801  |h 889.08 ΠΟΛ  |p 005400041051  |q 005400041051  |t BK  |y 0 
970 |z 01-08-2019